00742nam a2200241 a 4500001001300000003000900013005001700022008004100039020001000080082002000090100002500110245005100135260003500186500003500221505001000256650002700266650001700293700002500310902000800335942000700343952013300350999001700483nice12345678IN_TiNIC20260116013553.0050524s1991 cola grp 000 0 eng  ac10000a342.085091bMAY aMayer, Ann Elizabeth aIslam and Human Rights; Tradition and Politics aColoradobWestview Pressc1991 aincludes index and biblioraphy2 aIndex aLaw-Civil Rights Islam aHuman Rights1 aMayer, Ann Elizabeth bSRS cBK 001040708StackRoom-aHMIbHMId2011-08-19g100.00l1o342.085091 MAYp015006r2022-03-09s2022-01-17v100.00w2005-05-24yBK c11516d11516